01367nam a2200241Ia 4500952010100000999001700101008004100118020001500159050002600174100002600200245004500226250001700271260003200288300003500320500009100355504003700446505053800483519004401021650002501065650001601090650001201106942000701118 00104070a11b11d2007-01-08l0oHF6161.T63 D35 2005p11 001485r2012-06-26t1w2012-06-26yLB c69184d69184120626s2005 mx a 000 0 spa d a9682471400 aHF6161.T63 bD35 2005 aDahdá, Jorgeeautor aPublicidad turísticac / Jorge Dahdá a3a edición aMéxicob: Trillasc, 2005 a158 páginasb: ilustraciones aIncluye: Prefacio, conclusiones generales, Índice onomástico, Índice analítico aBibliografía (´pp. 141 - 145) aBreve historia de la publicidad Publicidad, promoción y propaganda La publicidad y su fuerza socioeconómica La publicidad y su fuerza psicológica La publicidad y su aspecto ético y legal La publicidad en los medios de comunicación social La publicidad en el turismo La promoción y la publicidad en la mercadotecnia turística La publicidad y el proceso administrativo El departamento de publicidad Material gráfico: símbolos y lemas Campaña base de lanzamiento publicitario de un hotel aMaterial complementario / d(11 001485) 0aPROPAGANDA COMERCIAL 0aPUBLICIDAD  0aTURISMO cLB